Find That Country (Pattern Edition) Quiz Stats

 Plays Quiz Updated Apr 18, 2019

Score 0/8 Timer 05:00
3 Plays Today
Hint Answer % Correct
Answer #3Capitals beginning with B
89.3%
Answer #1Countries beginning with C
89.2%
Answer #2South American countries
86.9%
Answer #8North American countries
86.5%
Answer #5Capitals beginning with M
84.6%
Answer #7Countries beginning with S
78.7%
Answer #4Island Countries
73.4%
Answer #6Countries beginning with vowels
53.1%

You're not logged in!

Compare scores with friends on all Sporcle quizzes.
OR
Log In

Sporcle TV

Today on Sporcle TV


Watch our educational content, quiz creation guides, and fun videos on Sporcle TV.

Show Comments

Extras

Top Quizzes Today


Score Distribution

Your Account Isn't Verified!

In order to create a playlist on Sporcle, you need to verify the email address you used during registration. Go to your Sporcle Settings to finish the process.

Report this User

Report this user for behavior that violates our Community Guidelines.

Details: